La Trampa del libre comercio /

Esta es la Conferencia Inaugural del IV Encuentro Hemisférico de Lucha contra el ALCA, el cual plantea el desarrollo que ha tenido la política económica y libre comercio que Estados Unidos ha intentado posicionar en los países latinoamericanos en los últimos años. Asimismo se plantea como el ALCA ha...

সম্পূর্ণ বিবরণ

সংরক্ষণ করুন:
গ্রন্থ-পঞ্জীর বিবরন
প্রধান লেখক: Martínez, Osvaldo
বিন্যাস: পাঠ‍্য
বিষয়গুলি:
ট্যাগগুলো: ট্যাগ যুক্ত করুন
কোনো ট্যাগ নেই, প্রথমজন হিসাবে ট্যাগ করুন!

MARC

LEADER 00000 a a2200000 04500
001 2413
003
040
100 |a Martínez, Osvaldo  
245 |a La Trampa del libre comercio /  |c Osvaldo Martínez 
520 |a Esta es la Conferencia Inaugural del IV Encuentro Hemisférico de Lucha contra el ALCA, el cual plantea el desarrollo que ha tenido la política económica y libre comercio que Estados Unidos ha intentado posicionar en los países latinoamericanos en los últimos años. Asimismo se plantea como el ALCA ha tenido una gran resistencia popular y como los movimientos sociales en distintos países han hecho que este acuerdo haya ido desapareciendo  
650 |a ALCA  
650 |a NEOLIBERALISMO  
650 |a MOVIMIENTOS SOCIALES  
773 |g número 36; páginas 45-51  
999 |c 32078  |d 32078